000 00576nam a2200181 a 4500
001 5335
003 CO-ViMGA
008 141112s2004 ck r 000 u spa d
040 _aCO-ViMGA
_bspa
_cCO-ViMGA
082 0 4 _a823.2 T654
100 1 _aTolkien, J.R.R
_955464
245 1 0 _aCuentos inconclusos de nĂºmenor y la tierra media
260 _aBarcelona :
_bMinotauro,
_c1992
300 _a3 v
500 _aContenido : V.1, La primera edad; V.2, La segunda edad; V.3, La tercera edad, los istari, las palantiri.
650 1 4 _aCUENTOS SUDAFRICANOS
_955465
942 _2ddc
_cBK
999 _c17330
_d17330